• 首页
  • 本馆介绍
  • 公告通知
  • 最新文献
  • 馆藏检索
  • 电子资源
  • 读者导购
  • 参考咨询
  • 我的图书馆
  • 登录
  • 详细信息显示
  • 放入我的书架
  • 预约/预借图书
  • 作者相关作品
  • 分类相关作品
  • 丛书相关作品
  • 出版社相关作品

书目信息

  • 表格格式
  • 工作单格式
  • 卡片格式
题名:
肉鸽高效养殖技术一本通
    
 
作者: 何艳丽 主编
分册:  
出版信息: 北京   化学工业出版社  2010
页数: 178页
开本: 21cm
丛书名:
单 册:
中图分类: S836
科图分类:
主题词: 肉用型--鸽--饲养管理 , 肉用型 , 鸽
电子资源:
ISBN: 978-7-122-07855-1
000 00832nam0 2200265 450
001 012015000029
005 20150914164049.60
010    @a978-7-122-07855-1@dCNY15.00
100    @a20100521d2010 em y0chiy50 ea
101 0  @achi
102    @aCN@b110000
105    @aa z 000yy
106    @ar
200 1  @a肉鸽高效养殖技术一本通@Arou ge gao xiao yang zhi ji shu yi ben tong@f何艳丽主编
210    @a北京@c化学工业出版社@d2010
215    @a178页@c图@d21cm
300    @a农村书屋系列
330    @a本书共分八章,主要介绍了肉鸽的营养与饲料、肉鸽的繁殖、肉鸽的饲养管理、肉鸽的疾病防治技术、肉鸽的产品加工等内容。
606 0  @a肉用型@x鸽@x饲养管理
606 0  @a肉用型
606 0  @a鸽
690    @aS836@v5
701  0 @a何艳丽@Ahe yan li@c(畜禽养殖)@4主编
801  0 @aCN@b碧洲教育@c20150716
905    @a10447@f4@dS836@e117
    
    肉鸽高效养殖技术一本通/何艳丽主编.-北京:化学工业出版社,2010
    178页:图;21cm
    农村书屋系列
    
    ISBN 978-7-122-07855-1:CNY15.00
    本书共分八章,主要介绍了肉鸽的营养与饲料、肉鸽的繁殖、肉鸽的饲养管理、肉鸽的疾病防治技术、肉鸽的产品加工等内容。
●
相关链接 在E读中查询图书 在五车中查询图书 在当当中查询图书 在豆瓣中查询图书


正题名:肉鸽高效养殖技术一本通     索取号:S836/117         预约/预借

序号 登录号 条形码 馆藏地/架位号 状态 备注
1 0870884   208708843   第二样本阅览室/ [索取号:S836/117] 在馆    
2 0870885   208708852   密集书库-生命科学系/ [索取号:S836/117] 在馆    
3 0870886   208708861   第三借阅区/ [索取号:S836/117] 在馆    
4 0870887   208708870   第三借阅区/ [索取号:S836/117] 在馆    
唐山师范学院图书馆 欢迎您!
大连网信软件有限公司© 版权所有